| 000 | 00808nam a2200265 a 4500 | ||
|---|---|---|---|
| 001 | 4824673 | ||
| 003 | ARRUPE | ||
| 005 | 20160314113649.0 | ||
| 008 | 890707s1988 sa b 001 0 eng | ||
| 010 | _a 89159832 | ||
| 020 | _a0627015875 | ||
| 040 |
_aDLC _cDLC _dDLC |
||
| 050 | 0 | 0 |
_aPL8842 _b.T35 1988 |
| 082 | 0 | 0 |
_a496/.39865 _220 |
| 100 | 1 |
_aTaljaard, P. C. _922806 |
|
| 245 | 1 | 0 |
_aHandbook of Isizulu / _cP.C. Taljaard, S.E. Bosch. |
| 260 |
_aPretoria : _bJ.L. van Schaik, _cc1988. |
||
| 300 |
_a179 p. ; _c22 cm. |
||
| 504 | _aIncludes bibliographical references. | ||
| 650 | 0 |
_aZulu language _xGrammar. _922807 |
|
| 700 |
_aBosch, S.E _922864 |
||
| 906 |
_a7 _bcbc _corignew _d3 _encip _f19 _gy-gencatlg |
||
| 942 |
_2lcc _cMONOGRAPH |
||
| 999 |
_c124328 _d124328 |
||